000 01692nam a2200337Ia 4500
001 ebr10206166
003 CaPaEBR
006 m u
007 cr cn|||||||||
008 071020s2007 ne a sb 001 0 eng d
020 _z9789027248053
020 _z9027248052
040 _aCaPaEBR
_cCaPaEBR
035 _a(OCoLC)648331539
050 1 4 _aPJ6106
_b.P47 2007eb
245 0 0 _aPerspectives on Arabic Linguistics XX
_h[electronic resource] :
_bpapers from the Twentieth Annual Symposium on Arabic Linguistics, Kalamazoo, March 2006 /
_cedited by Mustafa A. Mughazy.
260 _aAmsterdam :
_aPhiladelphia, PA :
_bJohn Benjamins Publishing Co,
_c2007.
300 _axii, 247 p. :
_bill.
490 1 _aAmsterdam studies in the theory and history of linguistic science. Series IV. Current issues in linguistic theory ;
_v290
504 _aIncludes bibliographical references and index.
533 _aElectronic reproduction.
_bPalo Alto, Calif. :
_cebrary,
_d2009.
_nAvailable via World Wide Web.
_nAccess may be limited to ebrary affiliated libraries.
650 0 _aArabic language
_xGrammar
_vCongresses.
650 0 _aArabic language
_xSemantics
_vCongresses.
650 0 _aArabic language
_xSyntax
_vCongresses.
655 7 _aElectronic books.
_2local
700 1 _aMughazy, Mustafa A.
710 2 _aebrary, Inc.
711 2 _aSymposium on Arabic Linguistics
_n(20th :
_d2006 :
_cKalamazoo, Mich.)
830 0 _aAmsterdam studies in the theory and history of linguistic science.
_nSeries IV,
_pCurrent issues in linguistic theory ;
_vv. 290.
856 4 0 _uhttp://site.ebrary.com/lib/rucke/Doc?id=10206166
_zAn electronic book accessible through the World Wide Web; click to view
999 _c225566
_d225566